Films en une image - Statistiques

Statistiques générales
  • Ce quiz a été pris 788 fois
  • Le résultat moyen est 12 sur 20
Statistiques - réponses
Par images Réponse % Correct
Titanic
96%
Harry Potter
94%
Les Tuche
94%
Pirates des Caraïbes
94%
Le parrain
93%
Jumanji
91%
Star Wars
87%
Twilight
87%
Edward aux mains d'argent
77%
Les 4 fantastiques
74%
Suicide Squad
72%
Grease
70%
Black Swan
63%
Space Jam
54%
Clueless
17%
La nuit au musée
17%
Jennifer's body
15%
House of Gucci
14%
The Impossible
12%
Harriette
1%
Aucun quiz correspondant
Distribution des résultats
% des personnes avec chaque résultat
Percentile par nombre de réponses
Votre historique - résultats
Vous n’avez pas pris ce quiz